00975 2200313 4500001002100000005001500021035002000036007000300056008004100059020002200100082001400122084001600136100002700152245013900179250002600318300003100344650000900375700003100384264004300415336002100458337003000479338002300509040002200532090002200554850001200576504002900588999002200617990002200639INLIS00000000089346120250214104805 a0010-0225000543ta250214s2023 yoi g ind d a978-623-8352-65-404223a663.9 a663.9 YUL p0 aYulianawatiePengarang10aPanduan praktis memasarkan kopi :bstrategi dan teknik efektif untuk meningkatkan penjualan /cYulianawati; penyunting, Ikhsan Mujtaba aCetakan pertama: 2023 aviii, 122 halaman ;c21 cm 4aKopi0 aIkhsan MujtabaePenyunting31aBantul :bKaizen Sarana Edukasi,c2023 2rdacontentateks 2rdamediaatanpa perantara 2rdacarrieravolume aYOPDYOGbinderda aCB-D.11 2023-6011 aYOPDYOG aBibliografi: halaman 122 aCB-D.11/2023-6011 aCB-D.11/2023-6011